[Event "Budapest FS02 GM"]
[Site "Budapest"]
[Date "1993.??.??"]
[Round "?"]
[White "Lyrberg, Patrik"]
[Black "Bezold, Michael"]
[Result "1/2-1/2"]
[WhiteElo "2395"]
[BlackElo "2395"]

1.e4 d6 2.d4 Nf6 3.Nc3 e5 4.dxe5 dxe5 5.Qxd8+ Kxd8 6.Nf3 Bd6 7.Bg5 Be6 8.Nd5 Nd7
9.Nxf6 Nxf6 10.Bd3 Ke7 11.Ke2 h6 12.Be3 g6 13.h3 Nd7 14.c3 f5 15.g3 a5 16.Nh4 Kf6
17.f4 exf4 18.gxf4 fxe4 19.Bxe4 Rhg8 20.Rhg1 Bc5 21.Bxg6 Bxh3 22.f5 Bxe3
23.Kxe3 Ne5 24.Rg3 Rad8 25.Rag1 Rd3+ 26.Ke4 Bf1 27.Nf3 Nxf3 28.Rxf3 Rxf3
29.Kxf3 Bc4 30.b3 Bf7 31.Rd1 Bxg6 32.fxg6 Rxg6 33.Rd7 Rg7 34.Rd5 b6 35.c4 Rg5
36.Rd7 Rc5 37.Kf4 h5 38.Rh7 Kg6 39.Rd7 Kf6 40.Rh7 Kg6 41.Rd7 a4 42.Rd8 Kf6
43.Rf8+ Ke6 44.Rh8 b5 45.cxb5 axb3 46.Rh6+ Kd7 47.axb3 Rxb5 48.Ke4 Rb4+ 49.Kd5 Rxb3
50.Rh7+ Kd8 51.Rh8+ Ke7 52.Rh7+ Kf6 53.Ke4 Kg5 54.Rxc7 Kg4 55.Rg7+ Kh3 56.Kf4 h4
57.Rh7 Rb8 58.Kf3 Rf8+ 59.Ke2 Kg3 60.Rg7+ Kh2 61.Rg6 h3 62.Rg7 Ra8 63.Kf2 Ra2+
64.Kf1 Rg2 65.Rf7 Rg6 66.Kf2 Kh1 67.Rf8  1/2-1/2

[Event "Budapest FS02 GM"]
[Site "Budapest"]
[Date "1993.??.??"]
[Round "?"]
[White "Lyrberg, Patrik"]
[Black "Pedersen, Steffen"]
[Result "1/2-1/2"]
[WhiteElo "2395"]
[BlackElo "2390"]

1.e4 d6 2.d4 Nf6 3.Nc3 e5 4.Nf3 Nbd7 5.Bc4 Be7 6.O-O O-O 7.h3 c6 8.a4 a5
9.Re1 h6 10.Be3 Re8 11.dxe5 dxe5 12.Nh4 Bc5  1/2-1/2

[Event "Budapest FS03 IM"]
[Site "Budapest"]
[Date "1993.??.??"]
[Round "6"]
[White "Kahn, Evarth"]
[Black "Schebler, Gerhard"]
[Result "1/2-1/2"]
[WhiteElo "2360"]
[BlackElo "2365"]

1.d4 d6 2.e4 Nf6 3.Nc3 c6 4.f4 Qa5 5.Bd3 Bg4 6.Nf3 e5 7.dxe5 dxe5 8.fxe5 Nfd7
9.e6 fxe6 10.O-O Ne5 11.Be2 Bxf3 12.gxf3 Nbd7 13.f4 Ng6 14.Bg4 Bc5+ 15.Kh1 Ngf8
16.e5 O-O-O 17.Qe2 Nb6 18.Ne4 Nd5 19.c4 Nc7 20.Be3 Bxe3 21.Qxe3 Rg8 22.Rfd1 Ng6
23.Ng5 Rxd1+ 24.Rxd1 Rd8 25.Rxd8+ Kxd8 26.Qd4+ Ke8 27.Nxe6 Nxe6 28.Bxe6 Qe1+
29.Kg2 Qe2+ 30.Kg3 Qe1+ 31.Kg4 Qe2+ 32.Kg5 Nf8 33.Bh3 Qxh2 34.Qe3 h6+ 35.Kg4 Ng6
36.Kf5 Nxf4 37.Qxf4 Qxh3+ 38.Kg6 Qd7 39.e6 Qxe6+ 40.Kxg7 Kd8 41.Qb8+ Qc8
42.Qxa7 h5 43.Kh6  1/2-1/2

[Event "Statistika"]
[Site "Budapest"]
[Date "1993.??.??"]
[Round "6"]
[White "Grabher, Heinz"]
[Black "Schebler, Gerhard"]
[Result "0-1"]
[WhiteElo "2165"]
[BlackElo "2365"]

1.e4 d6 2.d4 Nf6 3.Nc3 c6 4.Bg5 Qb6 5.Rb1 Nbd7 6.Nf3 e5 7.Be2 Be7 8.O-O O-O
9.h3 Re8 10.Re1 Qc7 11.a4 a5 12.Qd2 h6 13.Be3 Nf8 14.Rbd1 Ng6 15.Qc1 Be6
16.Bf1 Nh7 17.Ne2 Nh4 18.Nxh4 Bxh4 19.dxe5 dxe5 20.Bc5 Bg5 21.Qa1 Rad8 22.Ng3 Be7
23.Be3 Nf6 24.b3 Nd7 25.Bd2 Bc5 26.Be3 Bxe3 27.Rxe3 Nc5 28.Nf5 Kh7 29.Bd3 g6
30.Nh4 Rd7 31.Nf3 f6 32.Be2 Rxd1+ 33.Qxd1 Rd8 34.Qe1 Kg7 35.Qc3 b6 36.Kh2 Rd4
37.Bd3 Nxd3 38.cxd3 Qd6 39.Nd2 Bf7 40.Kg1 Qb4 41.Qc2 b5 42.axb5 cxb5 43.Re1 Qd6
44.Re3 a4 45.bxa4 Rxa4 46.Qb1 Ra2 47.Nb3 Qa3 48.d4 exd4 49.Nxd4 Qa4 50.Qd3 Ra1+
51.Kh2 Rd1 52.Nf5+ gxf5 53.Rg3+ Kf8 54.Qc3 Qxe4 55.Qc5+ Qe7 56.Qxb5 h5 57.Qxf5 h4
58.Rf3 Qd6+ 59.Qf4 Ke7 60.Qxd6+ Rxd6 61.Rf4 Rd2 62.Rxh4 Rxf2 63.Kg1 Rc2 64.Rg4 Ke6
65.Rg7 Be8 66.Rg8 Bc6 67.Rg7 Ke5 68.Rg8 Be4 69.Rg7 f5 70.Rg8 Kd4 71.h4 f4
72.h5 Ke3 73.Rg7 Rc5 74.h6 Rh5 75.Ra7 Rxh6 76.Ra3+ Kd4 77.Ra2 Rg6 78.Kh2 Rxg2+  0-1

[Event "Budapest FS04 IM"]
[Site "Budapest"]
[Date "1993.??.??"]
[Round "7"]
[White "Werner, Marc"]
[Black "Olsen, Peter Erik"]
[Result "1-0"]
[WhiteElo "2350"]
[BlackElo "2240"]

1.e4 d6 2.d4 Nf6 3.Nc3 e5 4.Nge2 Be7 5.f3 c6 6.Be3 O-O 7.Qd2 Nbd7 8.g4 b5
9.a3 Nb6 10.Ng3 exd4 11.Bxd4 Nc4 12.Bxc4 bxc4 13.O-O-O Qa5 14.Nf5 Bxf5 15.gxf5 Rab8
16.Rhg1 g6 17.Qh6 Rfd8 18.fxg6 fxg6 19.Rxg6+ hxg6 20.Qxg6+ Kf8 21.Bxf6 Qc7
22.Bg7+ Kg8 23.Bh6+ Kh8 24.Qg7+  1-0

[Event "Budapest FS04 GM"]
[Site "Budapest"]
[Date "1993.??.??"]
[Round "7"]
[White "Leko, Peter"]
[Black "Dolgener, Tobias"]
[Result "1-0"]
[WhiteElo "2465"]
[BlackElo "2270"]

1.e4 c6 2.Nc3 d6 3.d4 Nf6 4.f4 Qa5 5.Bd3 e5 6.Nf3 Bg4 7.Be3 Nbd7 8.Qd2 exf4
9.Bxf4 Be7 10.O-O Qb6 11.Be3 Bxf3 12.gxf3 O-O-O 13.Kh1 h6 14.Ne2 g5 15.Ng3 Rdg8
16.b4 Qd8 17.c4 h5 18.c5 h4 19.Nf5 dxc5 20.bxc5 Nh5 21.Rg1 Ng3+ 22.Nxg3 hxg3
23.Rxg3 Rh5 24.Rag1 Rgh8 25.R1g2 Nf8 26.Bc4 Ne6 27.Bxe6+ fxe6 28.Bxg5 Bxg5
29.Rxg5 Rxg5 30.Rxg5 Qf6 31.Qe3 Rd8 32.e5 Qh6 33.Qf4 Qh7 34.h4 Qb1+ 35.Rg1 Qd3
36.Qf6 Qc4 37.Rg4 Qf1+ 38.Kh2 Qf2+ 39.Rg2 Qxd4 40.Qxe6+ Rd7 41.Qg8+ Kc7 42.Qg3 Re7
43.f4 Qxc5 44.f5 Qxe5 45.f6 Qxg3+ 46.Kxg3 Rf7 47.Rf2 Kd7 48.Kg4 Ke8 49.Kg5 Rd7
50.Kg6 Rd4 51.Rh2 Rg4+ 52.Kf5 Rg1 53.Re2+ Kf8 54.Re4 Rf1+ 55.Kg5 Rg1+ 56.Rg4 Rh1
57.Kg6 c5 58.h5 b5 59.h6 c4 60.h7 c3 61.Rd4 Rg1+ 62.Kh5  1-0

[Event "Budapest FS12 GM"]
[Site "Budapest"]
[Date "1993.??.??"]
[Round "9"]
[White "Landenbergue, Claude"]
[Black "Lengyel, Levente"]
[Result "1-0"]
[WhiteElo "2405"]
[BlackElo "2380"]

1.e4 d6 2.d4 Nf6 3.Nc3 e5 4.Nf3 Nbd7 5.Bc4 Be7 6.O-O O-O 7.Re1 c6 8.a4 Qc7
9.h3 h6 10.Ba2 Re8 11.Be3 Bf8 12.Nh4 exd4 13.Bxd4 Qa5 14.Ng6 Qb4 15.Nxf8 Rxf8
16.a5 Ne8 17.Qd2 Nc5 18.Qe3 Nc7 19.Bxc5 Qxc5 20.Qxc5 dxc5 21.Na4 Na6 22.Bc4 Rb8
23.Reb1 b5 24.axb6 axb6 25.Bxa6 Bxa6 26.Nxc5 Bc8 27.Nd3 c5 28.Ra7 Re8 29.Re1 Bb7
30.f3 Bc6 31.Rc7 Rec8 32.Ra7 Ra8 33.Rea1 Rxa7 34.Rxa7 Rd8 35.Ne5 Rd1+ 36.Kh2 Be8
37.b3 f6 38.Ra8 Kf8 39.Ng6+ Kf7 40.Nf4 Rd2 41.c4 Rb2 42.Ra3 Bc6 43.Ra7+ Kg8
44.Nh5  1-0

[Event "Budapest FS03 IM"]
[Site "Budapest"]
[Date "1993.??.??"]
[Round "10"]
[White "Dobos, Jozsef"]
[Black "Soylu, Suat"]
[Result "1/2-1/2"]
[WhiteElo "2340"]
[BlackElo "2340"]

1.e4 d6 2.d4 Nf6 3.Nc3 e5 4.Nf3 Nbd7 5.Bc4 Be7 6.O-O O-O 7.h3 c6 8.a4 a5
9.Re1 Re8 10.Ba2 h6 11.Be3 Bf8 12.dxe5 Nxe5 13.Nd4 Ng6 14.f3 Nh5 15.Qd2 Be7
16.g4 Nf6 17.Nf5 Bf8 18.Qf2 Be6 19.Rad1 Bxa2 20.Nxa2 Qd7 21.Nc3 Qe6 22.Qg3 Ne5
23.b3 Kh7 24.f4 Ned7 25.Bf2 g6 26.Qh4 Ng8 27.Nd4 Qe7 28.Qxe7 Bxe7 29.Nf3 Nf8
30.Re2 Ne6 31.Bg3 Bf6 32.e5 dxe5 33.Nxe5 Rad8 34.Rxd8 Nxd8 35.Ne4 g5 36.Nd7 Bd4+
37.Bf2 Bxf2+ 38.Kxf2 Re7 39.Ndf6+ Kg7 40.Nxg8 Kxg8 41.Nf6+ Kf8 42.Nh7+ Ke8
43.fxg5 Rxe2+ 44.Kxe2 Ke7 45.gxh6 Ne6 46.Ke3 b5 47.axb5 cxb5 48.h4 f6 49.g5 f5
50.Nf6 Kf7 51.Nd5 a4 52.bxa4 bxa4 53.c4 a3 54.Nc3 Kg6 55.Na2 Kh7 56.c5 Nxc5
57.Kf4 Ne4 58.Kxf5 Nd6+ 59.Ke6 Ne4 60.Kf7 Nd6+ 61.Kf6 Ne4+ 62.Ke5 Nd2 63.Kf4 Nc4
64.Nc3 Nd6 65.Ke5 Nf7+ 66.Kf6 Nxh6 67.g6+ Kg8 68.h5 Kh8 69.g7+ Kh7 70.Na2 Kg8
71.Kg6 Nf7 72.h6 Ne5+ 73.Kf6 Ng4+ 74.Kg5 Ne3 75.Nc3 Kh7  1/2-1/2

[Event "Buenos Aires Najdorf op"]
[Site "Buenos Aires"]
[Date "1993.??.??"]
[Round "2"]
[White "Juarez, Alberto"]
[Black "Slipak, Sergio"]
[Result "0-1"]
[WhiteElo "2280"]
[BlackElo "2405"]

1.e4 d6 2.d4 Nf6 3.Nc3 e5 4.dxe5 dxe5 5.Qxd8+ Kxd8 6.Bc4 Be6 7.Bxe6 fxe6
8.Bg5 Bd6 9.O-O-O Nc6 10.Nge2 Ke7 11.f3 h6 12.Be3 Rhf8 13.Nb5 a6 14.Nxd6 cxd6
15.c4 b5 16.cxb5 axb5 17.Kb1 Ra6 18.Rd2 Rfa8 19.b3 d5 20.Bc5+ Kf7 21.exd5 exd5
22.b4 d4 23.Rb2 Nd5 24.Nc1 Nc3+ 25.Kc2 Ke6 26.Re1 Kd5 27.h4 Nxa2 28.Nxa2 Rxa2
29.Kb3 R8a3+  0-1

[Event "Buenos Aires GEB op"]
[Site "Buenos Aires"]
[Date "1993.??.??"]
[Round "4"]
[White "Celis, Gustavo"]
[Black "Studenetzky, Moises"]
[Result "1-0"]
[WhiteElo "2225"]
[BlackElo "2220"]

1.e4 d6 2.d4 Nf6 3.Nc3 c6 4.f3 Nbd7 5.Be3 b5 6.Qd2 e5 7.O-O-O Be7 8.g4 b4
9.Nb1 Qa5 10.a3 exd4 11.Bxd4 c5 12.axb4 cxb4 13.h4 Nc5 14.Bc4 O-O 15.Ne2 Ba6
16.Bxa6 Nxa6 17.Nf4 Rac8 18.g5 b3 19.Bc3 Qa1 20.Qd4 Nc5 21.gxf6 Na4 22.Qxa4 Qxa4
23.fxe7 Rfe8 24.cxb3 Qxb3 25.Nd5 f6 26.Rhg1 Kf7 27.Rd2 Rc5 28.h5 a5 29.Rdg2 Rxd5
30.Rxg7+ Ke6 31.exd5+ Qxd5 32.Nd2 Kd7 33.Ne4  1-0

[Event "Calcutta op"]
[Site "Calcutta"]
[Date "1993.??.??"]
[Round "10"]
[White "Hodgson, Julian M"]
[Black "Malaniuk, Vladimir P"]
[Result "1/2-1/2"]
[WhiteElo "2565"]
[BlackElo "2600"]

1.d4 d6 2.e4 Nf6 3.Nc3 e5 4.dxe5 dxe5 5.Qxd8+ Kxd8 6.Bc4 Be6 7.Bxe6 fxe6
8.Nf3 Bd6 9.Nd2 Nc6 10.f3 Ke7 11.Nd1 Nb4 12.Ne3 Bc5 13.Ndc4 b5 14.Nxe5 Bxe3
15.Bxe3 Nxc2+ 16.Ke2 Nxa1 17.Rxa1 Rhc8 18.Nc6+ Ke8 19.Nxa7 Rcb8 20.Nc6 Rb7
21.a3 Nd7 22.Rc1 g6 23.h4 Nb8 24.Nb4 Nd7 25.Nc6 Nb8 26.Nb4 Nd7  1/2-1/2

[Event "Cannes op"]
[Site "Cannes"]
[Date "1993.??.??"]
[Round "5"]
[White "Iruzubieta, Jesus Maria"]
[Black "Belotti, Bruno"]
[Result "1-0"]
[WhiteElo "2295"]
[BlackElo "2410"]

1.e4 d6 2.d4 Nf6 3.Nc3 c6 4.f4 Qa5 5.Bd3 e5 6.dxe5 dxe5 7.f5 b5 8.Bd2 b4
9.Nce2 Qb6 10.Nc1 Nbd7 11.Nb3 a5 12.Qe2 Ba6 13.Be3 c5 14.Nh3 Be7 15.Nf2 a4
16.Nd2 Qc6 17.g4 Kd8 18.O-O Ne8 19.Rad1 h6 20.Nc4 Bf6 21.Rd2 Ke7 22.Rfd1 Bc8
23.Qf3 Nc7 24.Qg3 g5 25.fxg6 fxg6 26.g5 hxg5 27.Ng4 Qe6 28.Rf2 Bg7 29.Rdf1 Rf8
30.Rxf8 Bxf8 31.Ngxe5 Ke8 32.Nxd7 Qxd7 33.Qe5+ Ne6 34.Nb6  1-0

[Event "Cappelle op"]
[Site "Cappelle la Grande"]
[Date "1993.??.??"]
[Round "1"]
[White "Bjornsson, Tomas"]
[Black "Rausis, Igors"]
[Result "0-1"]
[WhiteElo "2295"]
[BlackElo "2560"]

1.e4 d6 2.d4 Nf6 3.Nc3 e5 4.dxe5 dxe5 5.Qxd8+ Kxd8 6.Bg5 Be6 7.O-O-O+ Nd7
8.Nf3 Bd6 9.Bb5 Kc8 10.Bxf6 Nxf6 11.Ng5 a6 12.Be2 Rf8 13.Nxe6 fxe6 14.f3 Kd7
15.Rd3 Ke7 16.Nd1 Nd7 17.Ne3 b5 18.h4 Nf6 19.h5 Rad8 20.Rh4 Nd7 21.Ng4 Nf6
22.Rd1 Nxg4 23.Rxg4 Kf6 24.c3 Bc5 25.Kc2 Rxd1 26.Kxd1 Rd8+ 27.Kc2 Bf2 28.f4 Be3
29.fxe5+ Kxe5 30.Bd3 Rd7 31.Rg3 Bf4 32.Rf3 c5 33.g3 Bg5 34.b3 Bf6 35.Rf4 Rd6
36.Rg4 h6 37.a3 Bg5 38.c4 b4 39.axb4 cxb4 40.c5 Rc6 41.Bc4 Rxc5  0-1

[Event "Cappelle op"]
[Site "Cappelle la Grande"]
[Date "1993.??.??"]
[Round "5"]
[White "Mathe, Aurelien"]
[Black "Okhotnik, Vladimir"]
[Result "0-1"]
[WhiteElo "2240"]
[BlackElo "2400"]

1.e4 d6 2.d4 Nf6 3.Nc3 c6 4.g3 e5 5.Nge2 Be7 6.Bg2 O-O 7.O-O Re8 8.h3 Nbd7
9.a4 Bf8 10.Be3 exd4 11.Qxd4 a5 12.Rad1 Ne5 13.Bf4 Qc7 14.g4 Be6 15.Bg3 Nc4
16.b3 Na3 17.Qd2 Qb6 18.Nf4 Rad8 19.g5 Nd7 20.Ra1 d5 21.exd5 Bf5 22.Nd3 Bb4
23.Nxb4 axb4 24.Ne2 Nc5 25.Nd4 Be4 26.d6 Bxg2 27.Kxg2 Ne4 28.Qd3 Nxd6 29.Rae1 c5
30.Nf5 Qc6+ 31.Kg1 c4 32.Rxe8+ Qxe8 33.Nxd6 cxd3 34.Nxe8 Rxe8 35.cxd3 Rd8
36.Rc1 h6 37.Rc4 Nxc4  0-1

[Event "Cattolica"]
[Site "Cattolica"]
[Date "1993.??.??"]
[Round "6"]
[White "Mahdi, Khaled"]
[Black "Palatnik, Semon"]
[Result "1-0"]
[WhiteElo "2420"]
[BlackElo "2500"]

1.e4 Nf6 2.Nc3 d6 3.d4 Nbd7 4.Nf3 e5 5.Bc4 Be7 6.O-O c6 7.a4 Qc7 8.Ba2 O-O
9.Re1 b6 10.h3 Bb7 11.dxe5 dxe5 12.Nh4 Nc5 13.Nf5 Ne6 14.Be3 Rad8 15.Qf3 Nd4
16.Bxd4 exd4 17.Ne2 c5 18.Qg3  1-0

[Event "Ceske Budejovice op"]
[Site "Ceske Budejovice"]
[Date "1993.??.??"]
[Round "8"]
[White "Masternak, Grzegorz"]
[Black "Vokac, Marek"]
[Result "1/2-1/2"]
[WhiteElo "2350"]
[BlackElo "2465"]

1.e4 d6 2.Nc3 Nf6 3.d4 c6 4.Be2 e5 5.dxe5 dxe5 6.Qxd8+ Kxd8 7.Bc4 Bb4 8.Bg5 Ke7
9.Ne2 h6 10.Bh4 Be6 11.Bxe6 Kxe6 12.f3 Nbd7 13.O-O-O b5 14.Rd3 Nc5 15.Rd2 Rhd8
16.Rxd8 Rxd8 17.a3 Bxc3 18.Nxc3 a5 19.Bxf6 Kxf6 20.Rd1 Rc8 21.b3 Ke7 22.Kb2 g6
23.Ne2 Rg8 24.Nc1 f5 25.Nd3 Rd8 26.Kc1 Nxd3+ 27.cxd3 Rd4 28.Kc2 Kd6 29.Kc3 c5
30.Ra1 a4 31.Rb1 axb3 32.Rxb3 Kc6 33.Rb1 Kb6 34.exf5 gxf5 35.Re1 Rd5 36.f4 exf4
37.Re6+ Ka5 38.Rxh6 Re5 39.Rc6 Re2 40.Rxc5 Rxg2 41.Rxf5 Ra2 42.Kb3 Rd2 43.Rxf4  1/2-1/2

[Event "JUG-chT"]
[Site "Cetinje"]
[Date "1993.??.??"]
[Round "?"]
[White "Marinkovic, Ivan"]
[Black "Strikovic, Aleksa"]
[Result "1/2-1/2"]
[WhiteElo "2455"]
[BlackElo "2465"]

1.e4 d6 2.d4 Nf6 3.Nc3 e5 4.dxe5 dxe5 5.Qxd8+ Kxd8 6.Bc4 Be6 7.Bxe6 fxe6
8.f3 Bc5 9.Nh3 Nc6 10.Na4 Bd6 11.Be3 Ke7 12.O-O-O  1/2-1/2

[Event "JUG-chT"]
[Site "Cetinje"]
[Date "1993.??.??"]
[Round "?"]
[White "Marinkovic, Slavisa"]
[Black "Jevtic, Miodrag"]
[Result "1-0"]
[WhiteElo "2375"]
[BlackElo "2395"]

1.e4 d6 2.d4 Nf6 3.Nc3 c6 4.f4 Qa5 5.Bd3 e5 6.Nf3 Bg4 7.Be3 Nbd7 8.Qd2 Be7
9.O-O-O b5 10.Kb1 exd4 11.Bxd4 b4 12.e5 bxc3 13.Bxc3 Qc7 14.exf6 Nxf6 15.Rde1 O-O
16.Ng5 h6 17.h3 Bc8 18.Bxf6 Bxf6 19.Nh7 Qd8 20.Nxf8 Kxf8 21.g4 Rb8 22.c3 Qa5
23.Bc2 d5 24.Bb3 g6 25.f5 g5 26.h4 Qd8 27.hxg5 hxg5 28.Rh6 Bg7 29.Qh2 Kg8
30.Rh1  1-0

[Event "JUG-chT"]
[Site "Cetinje"]
[Date "1993.??.??"]
[Round "?"]
[White "Boskovic, Malina"]
[Black "Nikolin, Zorica"]
[Result "1/2-1/2"]
[WhiteElo "2100"]
[BlackElo "2260"]

1.e4 d6 2.d4 Nf6 3.Nc3 c6 4.Be2 Qa5 5.Bd2 Qc7 6.Nf3 e5 7.O-O Bg4 8.Be3 Nbd7
9.h3 Bh5 10.Nd2 Bg6 11.f4 exf4 12.Bxf4 Be7 13.Bf3 O-O 14.Re1 Qb6 15.Nc4 Qb4
16.Qd3 d5 17.Ne5 Nxe5 18.Bxe5 Rfe8 19.a3 Qb6 20.Kh1 Nd7 21.Bg3 Bf6 22.Bf2 Qd8
23.Qd1 Nb6 24.e5 Bg5 25.b3 Nd7 26.Re2 Nf8 27.Re1 Ne6 28.Ne2 b5 29.c4 bxc4
30.bxc4 Qa5 31.cxd5 cxd5 32.Qb3 Rab8 33.Qxd5 Qxd5 34.Bxd5 Red8 35.Bf3 Nc7
36.h4 Be7 37.Nc3 Rb3 38.Re3 Bxa3 39.d5 Bb2 40.Rxa7 Bxc3 41.Rxc7 Rb1+ 42.Kh2 Bd4
43.Re2 Bxf2 44.Rxf2 Bf5 45.Ra2 Rb4 46.Kg3 g5 47.hxg5 Be4 48.Raa7 Bxd5 49.Bxd5 Rxd5
50.Rxf7 Rxe5 51.Rg7+ Kf8 52.Rgf7+ Ke8 53.Rf4 Rbb5 54.Kg4 Re7 55.Rxe7+ Kxe7
56.Kh5 Rb6 57.g4 Re6 58.Rf5 Rd6 59.Kh4 Ra6 60.Rf3 Rb6 61.Kg3 Ra6 62.Rf1 Ra3+
63.Kh4 Ra6 64.Kh5 Rb6 65.Ra1 Kf7 66.Ra7+ Kg8 67.Re7 Ra6 68.Kh4 Rb6 69.Re5  1/2-1/2

[Event "JUG-chT"]
[Site "Cetinje"]
[Date "1993.??.??"]
[Round "?"]
[White "Kontic, Djordje"]
[Black "Strikovic, Aleksa"]
[Result "1-0"]
[WhiteElo "2365"]
[BlackElo "2465"]

1.e4 d6 2.d4 Nf6 3.Nc3 e5 4.Nf3 Nbd7 5.Bc4 Be7 6.Qe2 O-O 7.dxe5 dxe5 8.a4 c6
9.Bd2 a5 10.h3 Bb4 11.O-O Qc7 12.Bg5 h6 13.Bxf6 Nxf6 14.Nh4 Rd8 15.Rad1 Bxc3
16.bxc3 Ne8 17.Qh5 Be6 18.Bxe6 fxe6 19.Nf3 Nf6 20.Qg6 b5 21.g4 bxa4 22.h4 Rf8
23.Rd3 Qf7 24.Nxe5 Qxg6 25.Nxg6 Rfd8 26.f3 Rxd3 27.cxd3 Nd7 28.Ra1 Kf7 29.h5 e5
30.Rxa4 Nc5 31.Ra3 Kf6 32.d4 exd4 33.cxd4 Ne6 34.Ra4 Rb8 35.d5 cxd5 36.exd5 Ng5
37.Rf4+  1-0

[Event "JUG-chT"]
[Site "Cetinje"]
[Date "1993.??.??"]
[Round "?"]
[White "Djuric, Petar"]
[Black "Ivanisevic, Ivan"]
[Result "1-0"]
[WhiteElo "2170"]
[BlackElo "2210"]

1.e4 d6 2.d4 Nf6 3.Nc3 e5 4.dxe5 dxe5 5.Qxd8+ Kxd8 6.Bc4 Be6 7.Bxe6 fxe6
8.Be3 Nc6 9.O-O-O+ Bd6 10.f3 Ke7 11.Nge2 a6 12.Na4 Nd7 13.b3 b5 14.Nb2 h6
15.Rd2 Rhd8 16.c3 Ke8 17.Rhd1 Rdb8 18.Kc2 Rb7 19.h4 a5 20.a4 Rab8 21.Nc1 Nf6
22.axb5 Rxb5 23.Nc4 Bc5 24.Bxc5 Rxc5 25.Nd3 Rcb5 26.Rb1 Nd7 27.h5 Ke7 28.Rdd1 Nf6
29.g4 Nd7 30.Rg1 Kf6 31.Nd2 Rd8 32.f4 exf4 33.Nxf4 Nce5 34.Rbf1 Ke7 35.g5 Rf8
36.gxh6 gxh6 37.Rg7+ Kd6 38.Nc4+ Kc6 39.Ne3 Rfb8 40.Nxe6 Kb7 41.Nd5 Ka7 42.Nd4 Rc5
43.c4 Re8 44.Kc3 Kb8 45.Nf6 Nxf6 46.Rxf6 a4 47.Re6 Rxe6 48.Nxe6 Rc6 49.Nd4 Rc5
50.Kb4 Nd3+ 51.Kxa4 Rxh5 52.b4 Nxb4 53.Kxb4 c5+ 54.Kb5 cxd4+ 55.Kb6 Kc8 56.Rg8+ Kd7
57.c5 Rh1 58.c6+ Kd6 59.Rd8+ Ke5 60.Re8+ Kf4 61.c7 Rc1 62.e5 d3 63.e6 Ke5
64.c8=Q Rxc8 65.Rxc8 Kxe6 66.Rd8 h5 67.Rxd3 Kf5 68.Rd8 h4 69.Kc5  1-0

[Event "JUG-chT"]
[Site "Cetinje"]
[Date "1993.??.??"]
[Round "?"]
[White "Bojkovic, Natasa"]
[Black "Demina, Julia"]
[Result "1/2-1/2"]
[WhiteElo "2365"]
[BlackElo "2365"]

1.e4 d6 2.d4 Nf6 3.Nc3 e5 4.h3 Nbd7 5.Nf3 Be7 6.Be3 c6 7.a4 O-O 8.Be2 Re8
9.O-O Bf8 10.Bc4 exd4 11.Qxd4 Ne5 12.Nxe5 dxe5 13.Qxd8 Rxd8 14.Rad1 Rxd1
15.Rxd1 Be7  1/2-1/2

[Event "Cheliabinsk"]
[Site "Cheliabinsk"]
[Date "1993.??.??"]
[Round "?"]
[White "Kaiumov, Dmitry D"]
[Black "Panchenko, Alexander N"]
[Result "1-0"]
[WhiteElo "2425"]
[BlackElo "2475"]

1.e4 d6 2.d4 Nf6 3.Nc3 e5 4.Nf3 Nbd7 5.Bc4 Be7 6.O-O O-O 7.a4 c6 8.Re1 b6
9.d5 cxd5 10.Nxd5 Nxd5 11.Bxd5 Rb8 12.c3 Nf6 13.Bb3 Bb7 14.Qd3 h6 15.h3 Rc8
16.Nh2 Rc5 17.Ng4 Nxg4 18.hxg4 Bg5 19.Be3 Bxe3 20.Rxe3 Qg5 21.Qe2 Bc8 22.f3 Ba6
23.Qd2 Rd8 24.Rd1 Kf8 25.Bd5 g6 26.b4 Rc7 27.c4 Bc8 28.Qe2 h5 29.gxh5 gxh5
30.Ra3 h4 31.a5 bxa5 32.Rxa5 Be6 33.Bxe6 fxe6 34.f4 Qh6 35.fxe5 Rg7 36.exd6 Kg8
37.Rh5 Qf6 38.c5 Qc3 39.Rxh4 Qg3 40.Rh2 Rf8 41.d7  1-0

[Event "Cipolletti"]
[Site "Cipolletti"]
[Date "1993.??.??"]
[Round "7"]
[White "Rossetto, Hector"]
[Black "Leskovar, Mario"]
[Result "1/2-1/2"]
[WhiteElo "2295"]
[BlackElo "2365"]

1.d4 d6 2.e4 Nf6 3.Nc3 e5 4.dxe5 dxe5 5.Qxd8+ Kxd8 6.Bc4 Be6 7.Bxe6 fxe6
8.Bg5 Nc6 9.O-O-O+ Bd6 10.Nge2 Ke7 11.f3 a6 12.Be3 b5 13.Nb1 Na5 14.Nd2 h6
15.c3 Rab8 16.Kc2 c5 17.b3 Rhc8 18.Rb1 c4 19.b4 Nc6 20.Rhd1 a5 21.a3 axb4
22.axb4 Ra8 23.Ra1 Nd7 24.Rdb1 Bc7 25.Kb2 Bb6 26.Nf1 Bc7 27.Rxa8 Rxa8 28.Ra1 Rxa1
29.Kxa1 Nb6 30.Kb2 Na4+ 31.Kc2 Bb6 32.h4 Kf6 33.Bxb6 Nxb6 34.Ne3 Nc8 35.Kd2 Nd6
36.Ng4+ Kg6 37.Ke3 h5 38.Nf2 Kf6 39.Nh3 Nf7  1/2-1/2

[Event "Clichy"]
[Site "Clichy"]
[Date "1993.??.??"]
[Round "1"]
[White "Moingt, Jean Claude"]
[Black "Grimberg, Gilbert"]
[Result "0-1"]
[WhiteElo "2220"]
[BlackElo "2315"]

1.e4 d6 2.d4 Nf6 3.Nc3 Nbd7 4.f4 e5 5.Nf3 exd4 6.Qxd4 c6 7.Bc4 d5 8.exd5 Bc5
9.Qd3 O-O 10.Bd2 b5 11.Bb3 b4 12.Na4 Re8+ 13.Kf1 Qa5 14.Nxc5 Nxc5 15.Qd4 Re4
16.Qf2 Nxb3 17.cxb3 Ng4  0-1

[Event "Copenhagen op15"]
[Site "Copenhagen"]
[Date "1993.??.??"]
[Round "2"]
[White "Qvortrup, Jon"]
[Black "Nilsson, Nils Specht"]
[Result "0-1"]
[WhiteElo "2230"]
[BlackElo "2235"]

1.d4 d6 2.e4 Nf6 3.Nc3 c6 4.Nf3 Bg4 5.Be2 e6 6.O-O Be7 7.Bg5 h6 8.Be3 d5
9.e5 Nfd7 10.h3 Bxf3 11.Bxf3 c5 12.dxc5 Nxe5 13.b4 a5 14.b5 Nbd7 15.Re1 O-O
16.Bh5 Nc4 17.Bxh6 gxh6 18.Nxd5 exd5 19.Qxd5 Nce5 20.Rxe5 Nxe5 21.Qxe5 Bf6
22.Qg3+ Bg7 23.Rd1 Qe7 24.Rd6 Rac8 25.Bf3 Rxc5  0-1

[Event "CZE Tschechien-ch"]
[Site "?"]
[Date "1993.??.??"]
[Round "1"]
[White "Kotzot, J."]
[Black "Hlavnicka, Jiri"]
[Result "0-1"]
[WhiteElo "2020"]
[BlackElo "2235"]

1.e4 d6 2.d4 Nf6 3.Nc3 c6 4.Be3 Nbd7 5.a4 e5 6.Bc4 Be7 7.f3 O-O 8.Nge2 Re8
9.O-O Qc7 10.Bb3 Nf8 11.d5 c5 12.Nb5 Qd8 13.a5 a6 14.Nbc3 N6d7 15.Ba4 Ng6
16.Ng3 Bg5 17.Bxg5 Qxg5 18.Qc1 Nf4 19.Nce2 Nxe2+ 20.Nxe2 Qxc1 21.Rfxc1 Re7
22.Bxd7 Bxd7 23.Nc3 f5 24.Na4 fxe4 25.Nb6 Rf8 26.fxe4 Bb5 27.c4 Be8 28.Rf1 Bg6
29.Rxf8+ Kxf8 30.Re1 Ke8 31.Na4 Kd8 32.Nc3 Rf7 33.Rf1 Rxf1+ 34.Kxf1 Kc7 35.Ke2 b6
36.axb6+ Kxb6 37.Kd3 Ka5 38.Nb1 Kb4 39.Nd2 Bh5 40.Kc2 Be2 41.b3 a5 42.Nb1 a4
43.bxa4 Bxc4 44.Nd2 Be2 45.a5 Kxa5 46.Kc3 g5 47.Nb1 Ka4 48.Nd2 Kb5 49.Nb1 c4
50.Kd2 Bf1 51.g3 Bg2 52.Nc3+ Kb4 53.h4 gxh4 54.gxh4 h5 55.Na2+ Kb3 56.Nc3 Bf3
57.Nb5 Bxe4 58.Nxd6 Bxd5 59.Nb5 Bc6 60.Nc3 e4 61.Ne2 Kb2  0-1

[Event "CZE Tschechien-ch"]
[Site "?"]
[Date "1993.??.??"]
[Round "9"]
[White "Sejkora, Vlastimil"]
[Black "Pachmann, Ales"]
[Result "1-0"]
[WhiteElo "2210"]
[BlackElo "2065"]

1.e4 d6 2.d4 Nf6 3.Nc3 c6 4.f3 Nbd7 5.Be3 e5 6.d5 Qa5 7.a3 cxd5 8.exd5 a6
9.Qd2 b5 10.b4 Qc7 11.a4 Nb6 12.Bxb6 Qxb6 13.axb5 Be7 14.Na4 Qb8 15.bxa6 Bxa6
16.b5 Bxb5 17.Rb1 Bxa4 18.Rxb8+ Rxb8 19.Be2 Rb1+ 20.Bd1 Bd8 21.Ne2 Bb6 22.Qd3 Nd7
23.Qa6 Nc5 24.Qa8+ Bd8 25.Nc3 Ra1 26.Qb8 Kd7 27.Qb2  1-0

[Event "CZE Tschechien-ch"]
[Site "?"]
[Date "1993.??.??"]
[Round "9"]
[White "Jarrah, Kamal"]
[Black "Adamek, Petr"]
[Result "1/2-1/2"]
[WhiteElo "2015"]
[BlackElo "1940"]

1.e4 d6 2.d4 Nf6 3.Nc3 c6 4.h3 Nbd7 5.Nf3 e5 6.Bd3 Be7 7.O-O O-O 8.Ne2 Re8
9.c3 Bf8 10.Ng3 d5 11.dxe5 dxe4 12.exf6 Nxf6 13.Nxe4 Nxe4 14.Bxe4 Qxd1 15.Bxh7+ Kxh7
16.Rxd1 f6 17.Be3 Be6 18.b3 Red8 19.c4 a5 20.g4  1/2-1/2

[Event "CZE-ch"]
[Site "?"]
[Date "1993.??.??"]
[Round "3"]
[White "Bures, Martin"]
[Black "Pribyl, Josef"]
[Result "1/2-1/2"]
[WhiteElo "2215"]
[BlackElo "2470"]

1.e4 d6 2.d4 Nf6 3.Nc3 c6 4.f4 Qa5 5.Bd3 e5 6.dxe5 dxe5 7.f5 b5 8.Be3 Nbd7
9.Nf3 Ng4 10.Bg1 Bb4 11.h3 Bxc3+ 12.bxc3 Qxc3+ 13.Kf1 Ngf6 14.Bf2 O-O 15.a4 a5
16.g4 bxa4 17.Rxa4 Ba6 18.Qe2 Bb5 19.Ra2 a4 20.Kg2 Rfb8 21.Rha1 Nc5 22.Bxb5 cxb5
23.Be1 Qc4 24.Qxc4 bxc4 25.Nxe5 Nfxe4 26.Nxc4 Ra6 27.Ra3 h5 28.Kf3 hxg4+
29.hxg4 Rh6 30.Kf4 Rh2 31.R3a2 Rd8 32.Ne5 f6 33.Nf3 Rg2 34.Bb4 Rb8 35.c3 Rxa2
36.Rxa2 Rc8  1/2-1/2

[Event "CZE-ch"]
[Site "?"]
[Date "1993.??.??"]
[Round "9"]
[White "Rasik, Vitezslav"]
[Black "Chytilek, Roman"]
[Result "1/2-1/2"]
[WhiteElo "2415"]
[BlackElo "2265"]

1.e4 d6 2.d4 Nf6 3.Nc3 c6 4.f3 e5 5.Be3 Be7 6.Nge2 Qc7 7.Qd2 Nbd7 8.g4 Nf8
9.Ng3 h6 10.Nf5 Bxf5 11.gxf5 Nh5 12.O-O-O Nh7 13.Ne2 Bg5 14.f4 exf4 15.Nxf4 Nxf4
16.Bxf4 O-O-O 17.h4 Bxf4 18.Qxf4 Rhe8 19.Bg2 Re7 20.Rhg1 f6 21.Bf3 Nf8 22.Rg4 c5
23.dxc5 dxc5 24.Qxc7+ Kxc7 25.Rdg1 Rdd7 26.Be2 a6 27.Bc4 Kd6 28.Bd5 Kc7 29.a4 b5
30.a5 Kd6 31.b3 Kc7 32.c3 Kd6 33.Kc2 Kc7 34.Rd1 Rd6 35.c4 b4 36.Rdg1 Rdd7
37.Kd3 Kd6 38.Ke3 Kc7 39.Kf4 Kd6 40.R4g3 Kc7 41.R1g2 Kd6 42.h5 Kc7 43.Be6 Nxe6+
44.fxe6 Rxe6 45.Rxg7 Re5 46.Rxd7+ Kxd7 47.Rg6 Rxh5 48.Rxf6 Rh3 49.e5 Rxb3
50.Ke4 Rb1 51.Kd5 b3 52.Kxc5 b2 53.Rf2 Ke6 54.Kb6 Rc1 55.Rxb2 Rxc4 56.Kxa6 Kxe5
57.Kb6 Kf4 58.a6 Ra4 59.Rb5 Kg4 60.a7 Rxa7 61.Kxa7 h5 62.Rb4+ Kg3 63.Rb3+ Kg4  1/2-1/2